| 000 | 00590nam a2200229 a 4500 | ||
|---|---|---|---|
| 001 | BRL_868 | ||
| 005 | 20190320210930.0 | ||
| 008 | 211013s1964----mx-#######---#000-p#spa-# | ||
| 041 | _aspa | ||
| 044 | _amx | ||
| 050 | 4 |
_aPQ7297 _b.T53 1964 |
|
| 100 | 1 |
_aTibón, Gutierre _922612 |
|
| 245 | 1 | 0 |
_aVersos decaglotas, 1919-1940 _cGutierre Tibón. |
| 260 |
_aMéxico _bEditorial Améxica _c1964 |
||
| 300 |
_a46 p. _c24 p. |
||
| 500 | _aAu963 | ||
| 500 | _aIncluye dedicatoria a Ruth Lechuga | ||
| 500 | _aEjemplar intonso | ||
| 650 | 1 | 4 |
_aPoesía _917631 |
| 902 | _aGRL | ||
| 942 |
_2lcc _cB |
||
| 999 |
_c9680 _d9680 |
||